Combinatorial optimization / (Record no. 29531)
[ view plain ]
| 000 -LEADER | |
|---|---|
| fixed length control field | 00697 a2200193 4500 |
| 020 ## - INTERNATIONAL STANDARD BOOK NUMBER | |
| International Standard Book Number | 047155894X |
| 020 ## - INTERNATIONAL STANDARD BOOK NUMBER | |
| International Standard Book Number | 9780471558941 |
| 082 ## - DEWEY DECIMAL CLASSIFICATION NUMBER | |
| Classification number | 519.76 |
| 090 ## - LOCALLY ASSIGNED LC-TYPE CALL NUMBER (OCLC); LOCAL CALL NUMBER (RLIN) | |
| -- | 908 |
| -- | 908 |
| 100 1# - MAIN ENTRY--PERSONAL NAME | |
| Personal name | Cook, William J. |
| 245 10 - TITLE STATEMENT | |
| Title | Combinatorial optimization / |
| Statement of responsibility, etc. | William J. Cook, William H. Cunningham, William R. Pulleyblank, Alexander Schrijver. |
| 260 ## - PUBLICATION, DISTRIBUTION, ETC. | |
| Place of publication, distribution, etc. | [S.l.] : |
| Name of publisher, distributor, etc. | Wiley-Interscience, |
| Date of publication, distribution, etc. | 1998 |
| 300 ## - PHYSICAL DESCRIPTION | |
| Extent | 368 p. ; |
| Dimensions | 24 cm. |
| 700 1# - ADDED ENTRY--PERSONAL NAME | |
| Personal name | Cunningham, William H. |
| 700 1# - ADDED ENTRY--PERSONAL NAME | |
| Personal name | Pulleyblank, William R. |
| 700 1# - ADDED ENTRY--PERSONAL NAME | |
| Personal name | Schrijver, Alexander. |
| 942 ## - ADDED ENTRY ELEMENTS (KOHA) | |
| Institution code [OBSOLETE] | SNS |
| Koha item type | Book |
| Call number prefix | 519.76 COO |
| Withdrawn status | Lost status | Damaged status | Not for loan | Permanent Location | Current Location | Date acquired | Total Checkouts | Full call number | Barcode | Date last seen | Price effective from | Koha item type |
|---|---|---|---|---|---|---|---|---|---|---|---|---|
| School of Natural Sciences (SNS) | School of Natural Sciences (SNS) | 05/26/2016 | 519.76 COO | SNS0001078 | 05/26/2016 | 05/26/2016 | Book |
